New Orleans : (Record no. 613)

MARC details
000 -LEADER
fixed length control field 00829cam a2200265 a 4500
005 - DATE AND TIME OF LATEST TRANSACTION
control field 20260322212027.0
008 - FIXED-LENGTH DATA ELEMENTS--GENERAL INFORMATION
fixed length control field data
010 ## - LIBRARY OF CONGRESS CONTROL NUMBER
LC control number 81012679
020 ## - INTERNATIONAL STANDARD BOOK NUMBER
International Standard Book Number 0517318954
020 ## - INTERNATIONAL STANDARD BOOK NUMBER
International Standard Book Number 9780517318959
040 ## - CATALOGING SOURCE
Original cataloging agency DLC
Transcribing agency DLC
Modifying agency DLC
043 ## - GEOGRAPHIC AREA CODE
Geographic area code n-us-la
050 00 - LIBRARY OF CONGRESS CALL NUMBER
Classification number F379.N543
Item number H8 1981
082 00 - DEWEY DECIMAL CLASSIFICATION NUMBER
Classification number 976.3/35
Edition information 19
092 ## - LOCALLY ASSIGNED DEWEY CALL NUMBER (OCLC)
Classification number 917.63 H8 1981
001 - CONTROL NUMBER
control field data
100 1# - MAIN ENTRY--PERSONAL NAME
Personal name Huber, Leonard Victor,
Dates associated with a name 1903-
245 10 - TITLE STATEMENT
Title New Orleans :
Remainder of title a pictorial history /
Statement of responsibility, etc. Leonard Victor Huber.
260 ## - PUBLICATION, DISTRIBUTION, ETC.
Place of publication, distribution, etc. New York :
Name of publisher, distributor, etc. Distributed by Crown Publishers,
-- Distributed by Crown Publishers,
Date of publication, distribution, etc. 1981, c1971.
300 ## - PHYSICAL DESCRIPTION
Extent xi, 370 p. :
Other physical details ill., ports. ;
Dimensions 28 cm.
500 ## - GENERAL NOTE
General note Includes index.
504 ## - BIBLIOGRAPHY, ETC. NOTE
Bibliography, etc. note Bibliography: p. 357-361.
651 #0 - SUBJECT ADDED ENTRY--GEOGRAPHIC NAME
Geographic name New Orleans (La.)
General subdivision Pictorial works.
-- Pictorial works.
651 #0 - SUBJECT ADDED ENTRY--GEOGRAPHIC NAME
Geographic name New Orleans (La.)
General subdivision Pictorial works.
Holdings
Withdrawn status Lost status Damaged status Not for loan Home library Current library Shelving location Date acquired Total checkouts Full call number Barcode Date last seen Price effective from Koha item type
        Pleasant Valley Pleasant Valley General stacks 22/03/2026   976.3/35 19 BC0010630 22/03/2026 22/03/2026 Books